01092nas a2200265 450000500170000000700150001700800410003202200140007303500090008704000140009609000150011024500600012525600270018526000580021230000280027031000180029850601650031665000690048171000410055074000420059185600710063394200080070495200950071299900190080720240305165422.0cr anunnnuuuaa751022c19759999iau p s gv 0 eng d0 a0360-795X a5425 dBUSdvLex c4916d491634aThe Journal of corporation lawh[Recurso electrónico] aServicio en lí­nea. a[Iowa City :bEd. University of Iowa, College of Law] a1 recurso electrónico aQuatrimestral1 aContenido disponible en los productos indicadosdvLex GlobaldvLex Global (Academic Edition, excluding Law Schools)dvLex Global (Academic Edition, Law Schools)04aSociedadesxDerechozEstados UnidosxPublicaciones periódicas.2 aUniversity of Iowa.bCollege of Law.0 avLex Revistas (Servicio en lí­nea)40uhttps://app.vlex.com/#/sources/the-journal-of-corporation-law-5425 cRAA 001040708VLEX9321256aBD-UINbBD-UINd2024-03-05l0p5425r2024-03-05w2024-03-05yRAA c163264d163264